00774nam a2200229Ia 450000500170000000800410001702000220005804100080008008200150008810000240010324500670012726000410019430000210023544000060025650000280026265000360029070000240032690600070035094200070035799900170036495201630038120251121202735.0230125s9999 xx 000 0 und d a978-81-8495-104-2 aeng a158.1bJAM aJampolsky L9215383 aSmile For No Good Reason : 12 Principles For Lasting Happiness c2011bJaico Publishing HouseaMumbai a239pcPaper Back v1 aPersonality Development aPersonality Development9213420 aJampolsky L9215383 b27 cBK c95698d95698 00104070aHIMRbHIMRd2019-03-06ePritam Book Centreg225.00i10786l0o158.1 JAM B18493pHIMR-BK-18493r2023-01-25 00:00:00v198.00w2019-03-05yBKzB18493